ATLETICO MADRYT SKŁAD 22/23 - Statystyki

Ogólne statystyki
  • Ten quiz został rozwiązany 111 razy
  • Średni wynik to 13 z 22
Statystyki odpowiedzi
POZYCJA NAZWISKO % Poprawnych
BRAMKARZ Oblak
98%
NAPASTNIK Griezmann
89%
POMOCNIK Koke
82%
OBROŃCA Gimenez
80%
NAPASTNIK Morata
79%
OBROŃCA Savic
77%
NAPASTNIK Correa
73%
POMOCNIK Llorente
69%
NAPASTNIK Carrasco
63%
NAPASTNIK Felix
63%
OBROŃCA Hermoso
61%
POMOCNIK Lemar
59%
OBROŃCA Molina
57%
POMOCNIK De Paul
54%
BRAMKARZ Grbic
54%
POMOCNIK Witsel
52%
OBROŃCA Felipe
44%
POMOCNIK Kondogbia
43%
POMOCNIK Niguez
38%
OBROŃCA Mandava
36%
OBROŃCA Reguilon
24%
NAPASTNIK Cunha
22%
Nie znaleziono quizów pasujących do podanych kryteriów
Rozkład punktacji
Procent ludzi z każdym wynikiem
Percentyl według liczby udzielonych odpowiedzi
Twoja historia wyników
Nie rozwiązałeś tego quizu